Zdravotné poistenie na Slovensku a vo vybraných krajinách

História zdravotného poistenia od zrodu ľudskej civilizácie po súčasnosť, všeobecne a na Slovensku. Prehľad systému zdravotného poistenia na Slovensku, jeho vznik a zánik.

Saved in:
Bibliographic Details
Main Author: Nalepová, Katarína
Other Authors: Rudášová, Zuzana
Format: Book Chapter
Language:Slovak
Subjects:
Tags: Add Tag
No Tags, Be the first to tag this record!

MARC

LEADER 00000nla a2200000 4500
001 0240542
005 20240502073918.5
041 0 |a slo 
044 |a SK 
245 1 0 |a Zdravotné poistenie na Slovensku a vo vybraných krajinách  |c Katarína Nalepová, Zuzana Rudášová 
520 |a História zdravotného poistenia od zrodu ľudskej civilizácie po súčasnosť, všeobecne a na Slovensku. Prehľad systému zdravotného poistenia na Slovensku, jeho vznik a zánik. 
610 2 0 |a poistenie zdravotné 
610 2 0 |a poistenie súkromné 
610 2 0 |a poisťovne zdravotné 
610 2 0 |a história 
610 2 0 |a poisťovníctvo 
610 2 0 |a Slovensko 
100 1 |a Nalepová, Katarína 
700 1 |a Rudášová, Zuzana